[Event "DEM U18w 2004"]
[Site "Willingen GER"]
[Date "2004.05.30"]
[Round "1"]
[White "Kaplun, Viktoria"]
[Black "Helmbold, Irene"]
[Result "1-0"]
[Termination "normal"]
[Board "6"]
[WhiteElo "1671"]
[BlackElo "1990"]
[PlyCount "95"]
[WhiteFideId "24621676"]
[BlackFideId "24600873"]
[EventCountry "GER"]
[EventRounds "9"]
[EventType "swiss"]
[EventDate "2004.05.29"]

1. d4 Nf6 2. c4 g6 3. Nc3 Bg7 4. e4 d6 5. Nf3 O-O 6. Be2 e5 7. d5 Nbd7 8. Bg5
h6 9. Bh4 a5 10. O-O Nc5 11. Nd2 g5 12. Bg3 Ne8 13. f3 f5 14. exf5 Bxf5 15.
Nde4 b6 16. Nxc5 bxc5 17. Bd3 Bd7 18. Qc2 Nf6 19. Bf2 Nh5 20. Be3 Nf4 21. Be4
Rb8 22. a4 Kh8 23. Nb5 Rb7 24. Bd2 Qa8 25. Kh1 Ne2 26. Bd3 Nd4 27. Qd1 c6 28.
dxc6 Bxc6 29. Be4 Rd7 30. Bxc6 Nxc6 31. Be3 Qd8 32. Qe1 Nb4 33. Qe2 Rff7 34.
Rad1 Bf8 35. Nc3 Nc6 36. Nb5 Nd4 37. Qd2 Bg7 38. Nc3 Rf8 39. Rfe1 Qa8 40. Nd5
Rdf7 41. Bxd4 exd4 42. Re6 Qd8 43. Rde1 g4 44. Ne7 gxf3 45. Ng6+ Kg8 46. Nxf8
fxg2+ 47. Qxg2 Rxf8 48. Re7 1-0

[Event "DEM U18w 2004"]
[Site "Willingen GER"]
[Date "2004.05.30"]
[Round "1"]
[White "Katte, Isabel"]
[Black "Müller, Thea-Lina"]
[Result "1/2-1/2"]
[Termination "normal"]
[Board "7"]
[WhiteElo "1944"]
[BlackElo "1667"]
[PlyCount "86"]
[WhiteFideId "24612987"]
[BlackFideId "24604054"]
[EventCountry "GER"]
[EventRounds "9"]
[EventType "swiss"]
[EventDate "2004.05.29"]

1. e4 c5 2. Nc3 Nc6 3. f4 g6 4. Nf3 Bg7 5. Bb5 Nd4 6. a4 a6 7. Bc4 e6 8. d3 Ne7
9. e5 d5 10. exd6 Qxd6 11. Ne4 Qc7 12. O-O O-O 13. c3 Ndf5 14. Qe1 b6 15. Bb3
Bb7 16. g4 Nd6 17. Qh4 Nxe4 18. dxe4 c4 19. Bc2 Qc5+ 20. Kg2 Nc8 21. Kh3 Qe7
22. Be3 Qxh4+ 23. Kxh4 b5 24. e5 Ne7 25. Bc5 Rfe8 26. Bxe7 Rxe7 27. axb5 axb5
28. Rxa8+ Bxa8 29. Nd4 Ra7 30. Nxb5 Ra2 31. Rb1 Bf8 32. Nd4 Be7+ 33. Kg3 Bc5
34. f5 Bd5 35. Ne2 exf5 36. gxf5 Kf8 37. Nf4 Bc6 38. fxg6 hxg6 39. Bxg6 fxg6
40. Ne6+ Ke7 41. Nxc5 Ra5 42. b4 cxb3 43. Nxb3 Rxe5 1/2-1/2

[Event "DEM U18w 2004"]
[Site "Willingen GER"]
[Date "2004.05.30"]
[Round "1"]
[White "Schulze, Dorothee"]
[Black "Janotta, Steffi"]
[Result "0-1"]
[Termination "normal"]
[Board "8"]
[WhiteElo "1667"]
[BlackElo "1929"]
[PlyCount "62"]
[WhiteFideId "24609498"]
[BlackFideId "4696344"]
[EventCountry "GER"]
[EventRounds "9"]
[EventType "swiss"]
[EventDate "2004.05.29"]

1. e4 e5 2. Nf3 Nc6 3. Bb5 a6 4. Ba4 Nf6 5. O-O Be7 6. Re1 b5 7. Bb3 d6 8. h3
O-O 9. c3 Na5 10. Bc2 c5 11. d4 Qc7 12. Nbd2 Re8 13. Nf1 Bb7 14. Bg5 Nc4 15.
Rb1 cxd4 16. cxd4 Rac8 17. dxe5 dxe5 18. Bd3 Red8 19. Qe2 h6 20. Bh4 Nh5 21.
Bxc4 bxc4 22. Nxe5 Qxe5 23. Bxe7 Nf4 24. Qg4 Nxh3+ 25. Qxh3 Qxe7 26. Qe3 Rd3
27. Qe2 Qg5 28. Red1 Rcd8 29. Ng3 Qe5 30. Rdc1 Qd4 31. Rc2 Rxg3 0-1

[Event "DEM U18w 2004"]
[Site "Willingen GER"]
[Date "2004.05.30"]
[Round "1"]
[White "Krege, Sandra"]
[Black "Salden, Franziska"]
[Result "1-0"]
[Termination "normal"]
[Board "9"]
[WhiteElo "1907"]
[BlackElo "1637"]
[PlyCount "73"]
[WhiteFideId "4680910"]
[BlackFideId "24601268"]
[EventCountry "GER"]
[EventRounds "9"]
[EventType "swiss"]
[EventDate "2004.05.29"]

1. e4 e6 2. d4 d5 3. Nc3 Nf6 4. exd5 exd5 5. Bd3 Be7 6. Bf4 a6 7. Nge2 Nc6 8.
a3 O-O 9. O-O Bd6 10. Qd2 Be6 11. Nd1 Re8 12. Bg3 Ne4 13. Bxe4 dxe4 14. Bxd6
Qxd6 15. Ne3 Rad8 16. Rad1 Ne5 17. Ng3 Nc4 18. Qc3 Nxe3 19. fxe3 Bd5 20. Qe1
Qh6 21. Rf4 Qg5 22. Qe2 g6 23. c4 Bc6 24. Rdf1 f5 25. Qf2 Rf8 26. Ne2 Rd7 27.
d5 Ba4 28. Nd4 b5 29. b3 Bxb3 30. Nxb3 bxc4 31. Nc5 Re7 32. Ne6 Rxe6 33. dxe6
Qf6 34. Rxe4 Qe7 35. Rxc4 Qxe6 36. Rxc7 Re8 37. Rc3 1-0

[Event "DEM U18w 2004"]
[Site "Willingen GER"]
[Date "2004.05.30"]
[Round "1"]
[White "Auburger, Kirstin"]
[Black "Brethauer, Sarah"]
[Result "1-0"]
[Termination "normal"]
[Board "10"]
[WhiteElo "1609"]
[BlackElo "1887"]
[PlyCount "81"]
[WhiteFideId "24620726"]
[BlackFideId "24605220"]
[EventCountry "GER"]
[EventRounds "9"]
[EventType "swiss"]
[EventDate "2004.05.29"]

1. d4 d5 2. c4 e6 3. Nc3 Nf6 4. cxd5 exd5 5. Bg5 Nbd7 6. e3 c6 7. Bd3 Be7 8.
Qc2 a6 9. Nge2 O-O 10. O-O Re8 11. Rab1 Nf8 12. b4 Bg4 13. a4 b5 14. Rfc1 Qb6
15. Ng3 h6 16. Bxf6 Bxf6 17. Nf5 Bxf5 18. Bxf5 18... Ne6 {(=)} 19. Ne2 Rac8 20.
Nf4 Rc7 21. a5 Qa7 22. Bxe6 fxe6 23. Qg6 Ree7 24. Rc5 Qa8 25. Rbc1 Re8 26. Nh5
Rf8 27. Nxf6+ Rxf6 28. Qc2 Qf8 29. Qb2 Qe8 30. R1c3 e5 31. Rxd5 cxd5 32. Rxc7
exd4 33. Qxd4 Qe6 34. Rc5 Rf5 35. h3 Kh7 36. Qd3 g6 37. Qd4 Qf7 38. Rc8 Rf6 39.
Rc2 Rf5 40. Qb6 Rf6 41. Rc7 1-0

[Event "DEM U18w 2004"]
[Site "Willingen GER"]
[Date "2004.05.30"]
[Round "1"]
[White "Zhang, Fan"]
[Black "Buncke, Johanna"]
[Result "1-0"]
[Termination "normal"]
[Board "11"]
[WhiteElo "1860"]
[BlackElo "1544"]
[PlyCount "49"]
[WhiteFideId "24609730"]
[EventCountry "GER"]
[EventRounds "9"]
[EventType "swiss"]
[EventDate "2004.05.29"]

1. d4 Nf6 2. Nf3 e6 3. Bg5 Be7 4. e3 O-O 5. Bd3 d5 6. O-O Nbd7 7. c4 b6 8. Nc3
Bb7 9. Rc1 dxc4 10. Bxc4 c5 11. Qe2 Bxf3 12. Qxf3 cxd4 13. exd4 Rc8 14. Ba6 Rc7
15. Bf4 e5 16. dxe5 Ne8 17. e6 fxe6 18. Bxc7 Nxc7 19. Qe2 Bf6 20. Bc4 Qe7 21.
Rfe1 Re8 22. Nb5 Nxb5 23. Bxb5 e5 24. Rc7 Rd8 25. Rd1 1-0

[Event "DEM U18w 2004"]
[Site "Willingen GER"]
[Date "2004.05.30"]
[Round "1"]
[White "Ratner, Syuzanna"]
[Black "Frey, Claudia"]
[Result "0-1"]
[Termination "normal"]
[Board "12"]
[WhiteElo "1495"]
[BlackElo "1874"]
[PlyCount "87"]
[BlackFideId "24614513"]
[EventCountry "GER"]
[EventRounds "9"]
[EventType "swiss"]
[EventDate "2004.05.29"]

1. e4 c6 2. d4 d5 3. exd5 cxd5 4. Nc3 g6 5. Bf4 a6 6. Be2 Bg7 7. Nf3 Nc6 8. O-O
Bg4 9. Be3 Nf6 10. Qd2 O-O 11. h3 Bxf3 12. Bxf3 e6 13. Ne2 Rc8 14. c3 Na5 15.
b3 b5 16. Bh6 Nb7 17. Rac1 Nd6 18. Ng3 Qa5 19. Bxg7 Kxg7 20. Rfe1 Rc6 21. Rc2
Rfc8 22. Rec1 Qc7 23. Qe1 Nf5 24. Nxf5+ gxf5 25. Qd2 h6 26. g4 Ne4 27. Bxe4
fxe4 28. Kh1 Qe7 29. Rg1 Qg5 30. Qc1 Kh7 31. Kg2 Qf6 32. Qe3 Qg5 33. f4 exf3+
34. Qxf3 Qg6 35. Rgc1 R6c7 36. Rf2 Kg7 37. h4 b4 38. Qg3 Rxc3 39. Rxc3 bxc3 40.
Rf1 Qe4+ 41. Qf3 f5 42. gxf5 exf5 43. Rg1 Kf6 44. Kh3 0-1

[Event "DEM U18w 2004"]
[Site "Willingen GER"]
[Date "2004.05.30"]
[Round "1"]
[White "Wolowski, Laura"]
[Black "Hauser, Anna"]
[Result "1/2-1/2"]
[Termination "normal"]
[Board "13"]
[WhiteElo "1777"]
[BlackElo "1454"]
[PlyCount "139"]
[EventCountry "GER"]
[EventRounds "9"]
[EventType "swiss"]
[EventDate "2004.05.29"]

1. e4 d5 2. exd5 Qxd5 3. Nc3 Qa5 4. d4 c6 5. Bc4 Nf6 6. Bd2 Qc7 7. Qe2 Bf5 8.
O-O-O e6 9. Nf3 Be7 10. Nh4 Bg6 11. Nxg6 hxg6 12. h3 Nbd7 13. Rhe1 b5 14. Bd3
a5 15. d5 cxd5 16. Nxb5 Qb7 17. Bf4 O-O 18. g4 Nc5 19. Rh1 Nxd3+ 20. Qxd3 Ne4
21. Be3 Rab8 22. a4 Bc5 23. f3 Bxe3+ 24. Qxe3 Nd6 25. Rd3 Nxb5 26. Rb3 Qa7 27.
axb5 Qxe3+ 28. Rxe3 Rxb5 29. Ra3 Rfb8 30. b3 Rc8 31. Kd2 Rbc5 32. Ra2 Rc3 33.
Rf1 d4 34. Rf2 d3 35. Kd1 Kf8 36. Rd2 dxc2+ 37. Raxc2 Rxc2 38. Rxc2 Rb8 39. Rc3
Ke7 40. Kc2 Rb4 41. Kd3 a4 42. bxa4 Rxa4 43. Ke3 Kf6 44. Rc5 Ra3+ 45. Kf2 Rd3
46. Rb5 Rd5 47. Rb7 g5 48. Ra7 Re5 49. Rb7 Rc5 50. Ra7 Rc8 51. Ra5 Rc7 52. Rb5
Kg6 53. Rb6 Re7 54. Kg3 f6 55. Ra6 Kf7 56. Rb6 g6 57. Ra6 f5 58. Ra5 Rd7 59.
gxf5 gxf5 60. h4 Kf6 61. hxg5+ Kxg5 62. f4+ Kf6 63. Ra3 Rg7+ 64. Kf3 Rh7 65.
Kg3 Rh1 66. Rb3 Re1 67. Kf3 Kg6 68. Rb2 Rh1 69. Rb6 Re1 70. Rb2 1/2-1/2

[Event "DEM U18w 2004"]
[Site "Willingen GER"]
[Date "2004.05.30"]
[Round "1"]
[White "Wetterling, Maria"]
[Black "Dietzen, Corinna"]
[Result "1-0"]
[Termination "normal"]
[Board "14"]
[WhiteElo "1405"]
[BlackElo "1775"]
[PlyCount "29"]
[WhiteFideId "24624292"]
[BlackFideId "24621021"]
[EventCountry "GER"]
[EventRounds "9"]
[EventType "swiss"]
[EventDate "2004.05.29"]

1. e4 c5 2. c3 e6 3. d4 cxd4 4. cxd4 Bb4+ 5. Nc3 Nf6 6. Bd3 Nc6 7. Nf3 d5 8.
exd5 Nxd5 9. Qc2 Nxd4 10. Nxd4 Nxc3 11. bxc3 Qxd4 12. Qa4+ Bd7 13. Qxb4 Qxd3
14. Ba3 Kd8 15. Rd1 1-0

[Event "DEM U18w 2004"]
[Site "Willingen GER"]
[Date "2004.05.30"]
[Round "2"]
[White "Krege, Sandra"]
[Black "Schulz, Stefanie"]
[Result "1/2-1/2"]
[Termination "normal"]
[Board "1"]
[WhiteElo "1907"]
[BlackElo "2079"]
[PlyCount "70"]
[WhiteFideId "4680910"]
[BlackFideId "4693060"]
[EventCountry "GER"]
[EventRounds "9"]
[EventType "swiss"]
[EventDate "2004.05.29"]

1. e4 c5 2. Nf3 Nc6 3. d4 cxd4 4. Nxd4 g6 5. c4 Bg7 6. Nc2 Nf6 7. Nc3 O-O 8.
Be2 d6 9. O-O Bd7 10. Re1 Rb8 11. Rb1 a6 12. Bf1 Ne8 13. Ne3 Nc7 14. Ned5 Ne6
15. Be3 Ned4 16. a4 e6 17. Nf4 e5 18. Nfd5 f5 19. exf5 gxf5 20. Ne2 Nxe2+ 21.
Bxe2 Be6 22. Bb6 Qd7 23. Bc7 Rbc8 24. Bxd6 Rfd8 25. c5 Bxd5 26. Qxd5+ Kh8 27.
Bh5 b6 28. Qb3 bxc5 29. Bxc5 Nd4 30. Bxd4 exd4 31. Qd3 Qxa4 32. Qxf5 Rf8 33.
Qd3 Qc2 34. Be2 a5 35. Red1 a4 1/2-1/2

[Event "DEM U18w 2004"]
[Site "Willingen GER"]
[Date "2004.05.30"]
[Round "2"]
[White "Romakin, Helene"]
[Black "Zhang, Fan"]
[Result "0-1"]
[Termination "normal"]
[Board "2"]
[WhiteElo "2061"]
[BlackElo "1860"]
[PlyCount "108"]
[WhiteFideId "24605964"]
[BlackFideId "24609730"]
[EventCountry "GER"]
[EventRounds "9"]
[EventType "swiss"]
[EventDate "2004.05.29"]

1. e4 e6 2. d4 d5 3. Nc3 Nf6 4. e5 Nfd7 5. f4 c5 6. Nf3 Nc6 7. Be3 Rb8 8. Qd2
Qa5 9. Be2 b5 10. O-O b4 11. Nd1 Ba6 12. Bxa6 Qxa6 13. Nf2 Qb5 14. dxc5 Bxc5
15. Bxc5 Nxc5 16. Nd4 Nxd4 17. Qxd4 O-O 18. Ng4 a5 19. f5 Ne4 20. Kh1 Qc5 21.
Qd3 f6 22. fxe6 fxe5 23. Nxe5 Rxf1+ 24. Rxf1 Nf2+ 25. Rxf2 Qxf2 26. Nf3 Qc5 27.
Ng5 g6 28. Qf3 Rf8 29. Nf7 Qxc2 30. h3 Qc1+ 31. Kh2 Qc7+ 32. Kh1 Qc1+ 33. Kh2
Qc7+ 34. Kh1 Rxf7 35. exf7+ Qxf7 36. Qe3 Qd7 37. Qd4 Kf7 38. Qf2+ Ke8 39. Qd4
Ke7 40. Qe5+ Kf7 41. Qd4 h5 42. Kg1 Qf5 43. Qa7+ Ke6 44. Qxa5 Qb1+ 45. Kf2
Qxb2+ 46. Kf3 Qc3+ 47. Ke2 Qa3 48. Qb6+ Kf5 49. Qf2+ Ke5 50. Kd1 Qd3+ 51. Kc1
Qd4 52. Qe2+ Kf5 53. Qc2+ Kg5 54. g3 Qc4 0-1

[Event "DEM U18w 2004"]
[Site "Willingen GER"]
[Date "2004.05.30"]
[Round "2"]
[White "Frey, Claudia"]
[Black "Schöne, Maria"]
[Result "0-1"]
[Termination "normal"]
[Board "3"]
[WhiteElo "1874"]
[BlackElo "2037"]
[PlyCount "68"]
[WhiteFideId "24614513"]
[BlackFideId "4681410"]
[EventCountry "GER"]
[EventRounds "9"]
[EventType "swiss"]
[EventDate "2004.05.29"]

1. e4 c5 2. Nc3 Nc6 3. g3 g6 4. Bg2 Bg7 5. d3 d6 6. Be3 e6 7. Qd2 Rb8 8. Nge2
Nd4 9. Nc1 b5 10. Nd1 b4 11. c3 bxc3 12. bxc3 Nc6 13. O-O Nge7 14. Bh6 O-O 15.
Bxg7 Kxg7 16. f4 Bd7 17. Ne3 f5 18. Ne2 Qc7 19. Rab1 Na5 20. Kh1 Rb6 21. Ng1
Rfb8 22. Rxb6 Rxb6 23. Rf2 Ba4 24. Nf3 Qb8 25. h3 h6 26. Kh2 Kh7 27. Re2 Rb1
28. exf5 gxf5 29. g4 Nac6 30. gxf5 d5 31. Ng4 Rd1 32. Nf6+ Kh8 33. Qe3 Nxf5 34.
Nd7 Qc7 0-1

[Event "DEM U18w 2004"]
[Site "Willingen GER"]
[Date "2004.05.30"]
[Round "2"]
[White "Beltz, Franziska"]
[Black "Kaplun, Viktoria"]
[Result "1/2-1/2"]
[Termination "normal"]
[Board "4"]
[WhiteElo "2028"]
[BlackElo "1671"]
[PlyCount "100"]
[WhiteFideId "4681401"]
[BlackFideId "24621676"]
[EventCountry "GER"]
[EventRounds "9"]
[EventType "swiss"]
[EventDate "2004.05.29"]

1. e4 c5 2. Nf3 e6 3. d4 cxd4 4. Nxd4 a6 5. Bd3 Qc7 6. O-O Nf6 7. Kh1 Be7 8.
Nc3 d6 9. f4 Nbd7 10. Qf3 h6 11. Bd2 g5 12. f5 e5 13. Nde2 g4 14. Qf2 h5 15.
Nd5 Nxd5 16. exd5 Nf6 17. Nc3 b5 18. Bg5 Bb7 19. Bxf6 Bxf6 20. a3 h4 21. Qe2
Rg8 22. Rf4 g3 23. h3 Qe7 24. Rb4 Qc7 25. Bxb5+ Ke7 26. Bd3 Rac8 27. Bxa6 Bxa6
28. Qxa6 Rb8 29. Rc4 Qd7 30. b4 Ra8 31. Qc6 Rgc8 32. Qxd7+ Kxd7 33. Rxc8 Rxc8
34. Ne4 Bd8 35. c3 Rc4 36. Re1 Bb6 37. a4 Bf2 38. Re2 Ba7 39. a5 Bd4 40. Rc2
Ba7 41. Re2 Bd4 42. Re1 Bxc3 43. Nxc3 Rxc3 44. Ra1 Kc7 45. b5 Rb3 46. b6+ Kb8
47. Kg1 Rb2 48. Kf1 Rf2+ 49. Kg1 Rb2 50. Kf1 Rf2+ 1/2-1/2

[Event "DEM U18w 2004"]
[Site "Willingen GER"]
[Date "2004.05.30"]
[Round "2"]
[White "Auburger, Kirstin"]
[Black "Wolk, Friederike"]
[Result "1/2-1/2"]
[Termination "normal"]
[Board "5"]
[WhiteElo "1609"]
[BlackElo "1992"]
[PlyCount "45"]
[WhiteFideId "24620726"]
[BlackFideId "4693400"]
[EventCountry "GER"]
[EventRounds "9"]
[EventType "swiss"]
[EventDate "2004.05.29"]

1. d4 d5 2. c4 c6 3. e3 Nf6 4. Nc3 e6 5. Nf3 Nbd7 6. Bd3 Be7 7. O-O O-O 8. e4
dxc4 9. Bxc4 Nb6 10. Bd3 c5 11. Bc2 cxd4 12. Nxd4 Bc5 13. Nb3 Bb4 14. Qf3 Nbd7
15. Bf4 e5 16. Bg3 Bxc3 17. Qxc3 Qe7 18. Rfd1 b6 19. Qc6 Ba6 20. Qa4 Bb7 21.
Bh4 Qe6 22. f3 Rfc8 23. Nd2 1/2-1/2

[Event "DEM U18w 2004"]
[Site "Willingen GER"]
[Date "2004.05.30"]
[Round "2"]
[White "Janotta, Steffi"]
[Black "Wetterling, Maria"]
[Result "1-0"]
[Termination "normal"]
[Board "6"]
[WhiteElo "1929"]
[BlackElo "1405"]
[PlyCount "53"]
[WhiteFideId "4696344"]
[BlackFideId "24624292"]
[EventCountry "GER"]
[EventRounds "9"]
[EventType "swiss"]
[EventDate "2004.05.29"]

1. e4 e6 2. d4 d5 3. e5 c5 4. c3 Nc6 5. Nf3 Qb6 6. a3 Nh6 7. b4 cxd4 8. cxd4
Nf5 9. Be3 f6 10. exf6 gxf6 11. Bd3 Nxe3 12. fxe3 e5 13. Nh4 Be6 14. O-O e4 15.
Rxf6 Ke7 16. Rxe6+ Kxe6 17. Qg4+ Kd6 18. Qf4+ Kd7 19. Be2 Nxd4 20. Bg4+ Ne6 21.
Nc3 Qd6 22. Rd1 Qxf4 23. exf4 Ke7 24. Nxd5+ Kf7 25. Bh5+ Kg8 26. Nf6+ Kg7 27.
Rd7+ 1-0

[Event "DEM U18w 2004"]
[Site "Willingen GER"]
[Date "2004.05.30"]
[Round "2"]
[White "Hauser, Anna"]
[Black "Katte, Isabel"]
[Result "0-1"]
[Termination "normal"]
[Board "7"]
[WhiteElo "1454"]
[BlackElo "1944"]
[PlyCount "42"]
[BlackFideId "24612987"]
[EventCountry "GER"]
[EventRounds "9"]
[EventType "swiss"]
[EventDate "2004.05.29"]

1. d4 e6 2. Nf3 b6 3. Nc3 Bb7 4. e4 Bb4 5. Bd3 Nf6 6. Bg5 h6 7. Bxf6 Qxf6 8.
Qd2 c5 9. a3 cxd4 10. axb4 dxc3 11. Qxc3 Qxc3+ 12. bxc3 O-O 13. O-O d5 14. exd5
Bxd5 15. Nd2 Nd7 16. Ra3 Ne5 17. Rfa1 Rfc8 18. Rxa7 Rxa7 19. Rxa7 Nxd3 20. cxd3
Rxc3 21. Ra1 Rxd3 0-1

[Event "DEM U18w 2004"]
[Site "Willingen GER"]
[Date "2004.05.30"]
[Round "2"]
[White "Müller, Thea-Lina"]
[Black "Wolowski, Laura"]
[Result "1/2-1/2"]
[Termination "normal"]
[Board "8"]
[WhiteElo "1667"]
[BlackElo "1777"]
[PlyCount "89"]
[WhiteFideId "24604054"]
[EventCountry "GER"]
[EventRounds "9"]
[EventType "swiss"]
[EventDate "2004.05.29"]

1. e4 c6 2. d4 d5 3. exd5 cxd5 4. Bd3 Nc6 5. c3 Nf6 6. h3 e6 7. Nf3 Be7 8. O-O
O-O 9. Re1 a6 10. Nbd2 b5 11. Ne5 Bd7 12. f4 b4 13. Ndf3 bxc3 14. bxc3 Qc7 15.
Bd2 Rfb8 16. Qc2 Rc8 17. Qd1 Na5 18. Nxd7 Nxd7 19. f5 Qd6 20. Qe2 Nf8 21. Ne5
Bf6 22. Ng4 Bh4 23. Nh6+ gxh6 24. Qg4+ Bg5 25. h4 f6 26. hxg5 hxg5 27. fxe6 Re8
28. Bf5 Ra7 29. Bf4 Qc6 30. Re3 Rg7 31. e7 Rgxe7 32. Rxe7 Rxe7 33. Qg3 Ng6 34.
Bd6 Re8 35. Bb4 Nc4 36. Re1 a5 37. Bc5 Nf4 38. Kh2 h5 39. Qf2 Kf7 40. g3 Rxe1
41. Qxe1 Ne6 42. Qe2 Nxc5 43. Qxh5+ Ke7 44. dxc5 Ne5 45. Qh7+ 1/2-1/2

[Event "DEM U18w 2004"]
[Site "Willingen GER"]
[Date "2004.05.30"]
[Round "2"]
[White "Helmbold, Irene"]
[Black "Ströhle, Kathrin"]
[Result "1-0"]
[Termination "normal"]
[Board "9"]
[WhiteElo "1990"]
[BlackElo "1691"]
[PlyCount "91"]
[WhiteFideId "24600873"]
[BlackFideId "4633881"]
[EventCountry "GER"]
[EventRounds "9"]
[EventType "swiss"]
[EventDate "2004.05.29"]

1. e4 e5 2. Nf3 Nc6 3. Nc3 Nf6 4. d4 Bb4 5. d5 Nb8 6. Bd3 d6 7. O-O O-O 8. a3
Ba5 9. b4 Bb6 10. Na4 c6 11. Bg5 Bc7 12. c4 Bg4 13. Be2 Nbd7 14. Qc2 Qe8 15.
Rfd1 cxd5 16. exd5 Rc8 17. c5 h6 18. Be3 Nh7 19. c6 bxc6 20. dxc6 Nb6 21. Nxb6
axb6 22. b5 Qe7 23. a4 Rb8 24. Ne1 Bxe2 25. Qxe2 Qd8 26. Nc2 Ng5 27. Nb4 Ne6
28. Nd5 f5 29. Qc4 Re8 30. a5 bxa5 31. b6 Rxb6 32. Bxb6 Bxb6 33. Nxb6 Qxb6 34.
Rxd6 Kf7 35. Rad1 Qb4 36. Qa2 a4 37. Rd7+ Kf8 38. Ra7 Qb3 39. Qd2 Nd4 40. Rb7
Qc4 41. c7 Rc8 42. Qa5 Nc6 43. Qb6 Kf7 44. h3 Ne7 45. Rd8 Nd5 46. Rd7+ 1-0

[Event "DEM U18w 2004"]
[Site "Willingen GER"]
[Date "2004.05.30"]
[Round "2"]
[White "Brethauer, Sarah"]
[Black "Reeves, Anna"]
[Result "1/2-1/2"]
[Termination "normal"]
[Board "10"]
[WhiteElo "1887"]
[BlackElo "1685"]
[PlyCount "45"]
[WhiteFideId "24605220"]
[EventCountry "GER"]
[EventRounds "9"]
[EventType "swiss"]
[EventDate "2004.05.29"]

1. e4 e5 2. Nc3 Nf6 3. f4 exf4 4. e5 Ng8 5. Nf3 d6 6. Qe2 dxe5 7. Qxe5+ Qe7 8.
d4 Qxe5+ 9. Nxe5 f6 10. Nf3 g5 11. h4 Bg4 12. Be2 c6 13. Ne4 Bxf3 14. Bxf3 Be7
15. hxg5 fxg5 16. g3 fxg3 17. Bxg5 Bxg5 18. Nxg5 Nf6 19. Rh3 Nbd7 20. Rxg3 Rg8
21. Ne4 Rxg3 22. Nxg3 O-O-O 23. O-O-O 1/2-1/2

[Event "DEM U18w 2004"]
[Site "Willingen GER"]
[Date "2004.05.30"]
[Round "2"]
[White "Dietzen, Corinna"]
[Black "Schulze, Dorothee"]
[Result "1-0"]
[Termination "normal"]
[Board "11"]
[WhiteElo "1775"]
[BlackElo "1667"]
[PlyCount "125"]
[WhiteFideId "24621021"]
[BlackFideId "24609498"]
[EventCountry "GER"]
[EventRounds "9"]
[EventType "swiss"]
[EventDate "2004.05.29"]

1. c4 g6 2. Nc3 Bg7 3. g3 d6 4. Bg2 e5 5. Nf3 Nc6 6. d3 Be6 7. Ng5 Bd7 8. Bd5
Nh6 9. O-O O-O 10. f4 Rb8 11. Kh1 Ne7 12. Bg2 f6 13. Nge4 Qc8 14. fxe5 fxe5 15.
Bg5 Nef5 16. Nd5 Kh8 17. Qd2 Bc6 18. Ne7 Qe8 19. Nxc6 bxc6 20. Rab1 Ng8 21. g4
Nd4 22. Rxf8 Qxf8 23. Rf1 Qc8 24. h3 Ne6 25. b3 d5 26. cxd5 cxd5 27. Nc3 c6 28.
Qc1 h6 29. Bd2 g5 30. e3 Qa6 31. Nb1 Rb6 32. Qc2 Nf6 33. Rf5 Nd7 34. Bf1 d4 35.
Rf7 Nf6 36. Re7 c5 37. exd4 cxd4 38. Bg2 Bf8 39. Rf7 Bg7 40. Bb7 Qb5 41. Bg2 a6
42. Na3 Qc5 43. Qxc5 Nxc5 44. Nc4 Re6 45. Nb2 e4 46. dxe4 Nfxe4 47. Bb4 d3 48.
Bxe4 Rxe4 49. Nc4 Bd4 50. Rc7 Ne6 51. Rc6 Kg7 52. Rxa6 Nf4 53. Nd6 Re6 54. Nf5+
Kg6 55. Rxe6+ Nxe6 56. Nxd4 Nxd4 57. Kg2 Kf7 58. Kf2 Ke6 59. Bd2 Nc2 60. Kf3
Kd5 61. Bc3 Nd4+ 62. Ke3 Ne2 63. Kxd3 1-0

[Event "DEM U18w 2004"]
[Site "Willingen GER"]
[Date "2004.05.30"]
[Round "2"]
[White "Beltz, Carmen"]
[Black "Salden, Franziska"]
[Result "1-0"]
[Termination "normal"]
[Board "12"]
[WhiteElo "1763"]
[BlackElo "1637"]
[PlyCount "87"]
[WhiteFideId "24608726"]
[BlackFideId "24601268"]
[EventCountry "GER"]
[EventRounds "9"]
[EventType "swiss"]
[EventDate "2004.05.29"]

1. e4 e6 2. d4 d5 3. Nd2 dxe4 4. Nxe4 Nf6 5. Bg5 Be7 6. Bxf6 Bxf6 7. Nf3 Bd7 8.
c3 Bc6 9. Bd3 Nd7 10. Qe2 Be7 11. O-O-O O-O 12. h4 Nf6 13. Kb1 Nxe4 14. Bxe4
Bxe4+ 15. Qxe4 Qd5 16. Qd3 Qh5 17. Ne5 Qf5 18. Qxf5 exf5 19. Rde1 Rfe8 20. Re2
f6 21. Nc4 Kf7 22. Rhe1 f4 23. Re4 b5 24. Nd2 g5 25. hxg5 fxg5 26. Nf3 Bf6 27.
Ne5+ Kg7 28. Kc2 Rad8 29. Nc6 Rxe4 30. Rxe4 Ra8 31. Kd3 a6 32. Ne5 Rd8 33. Ng4
Rd6 34. Re8 Kf7 35. Nxf6 Kxf6 36. Rf8+ Kg7 37. Rc8 Rc6 38. d5 Rc5 39. Kd4 Rc4+
40. Ke5 Kf7 41. Ra8 b4 42. Rxa6 bxc3 43. bxc3 Rxc3 44. Rc6 1-0

[Event "DEM U18w 2004"]
[Site "Willingen GER"]
[Date "2004.05.30"]
[Round "2"]
[White "Buncke, Johanna"]
[Black "Zabarska, Natalia"]
[Result "0-1"]
[Termination "normal"]
[Board "13"]
[WhiteElo "1544"]
[BlackElo "1709"]
[PlyCount "64"]
[BlackFideId "24608009"]
[EventCountry "GER"]
[EventRounds "9"]
[EventType "swiss"]
[EventDate "2004.05.29"]

1. e4 e5 2. Nf3 Nc6 3. d4 exd4 4. Nxd4 Bc5 5. Be3 Qf6 6. c3 Nge7 7. Be2 d6 8.
f4 Bd7 9. O-O O-O-O 10. b4 Bxd4 11. Bxd4 Nxd4 12. cxd4 Nc6 13. e5 dxe5 14. fxe5
Qh4 15. a3 Nxd4 16. Bc4 Bc6 17. Qc1 b5 18. Bd3 Qg4 19. Ra2 Rhe8 20. Bf5+ Nxf5
21. Qxc6 Qd4+ 22. Kh1 Qd5 23. Qxd5 Rxd5 24. Raf2 Rdxe5 25. g3 Ne3 26. Rc1 Ng4
27. Rff1 Re2 28. Nc3 Rxh2+ 29. Kg1 Re3 30. Rfd1 Rxg3+ 31. Kf1 Rf2+ 32. Ke1 Rg1#
0-1

[Event "DEM U18w 2004"]
[Site "Willingen GER"]
[Date "2004.05.30"]
[Round "2"]
[White "Schmidt, Jade"]
[Black "Ratner, Syuzanna"]
[Result "0-1"]
[Termination "normal"]
[Board "14"]
[WhiteElo "1699"]
[BlackElo "1495"]
[PlyCount "94"]
[EventCountry "GER"]
[EventRounds "9"]
[EventType "swiss"]
[EventDate "2004.05.29"]

1. d4 d5 2. c4 e6 3. Nc3 Nf6 4. Bg5 Be7 5. e3 c6 6. cxd5 Nxd5 7. Bxe7 Qxe7 8.
Nf3 Nd7 9. Bd3 Nxc3 10. bxc3 e5 11. Qc2 h6 12. O-O O-O 13. Rab1 b6 14. Rfc1 Bb7
15. Bf5 c5 16. Bxd7 Bxf3 17. Qf5 Bb7 18. dxe5 g6 19. Qh3 Qxe5 20. Qxh6 Qd5 21.
Bh3 Rad8 22. a3 Rd6 23. Qf4 Rfd8 24. Qa4 Bc6 25. Qc2 Qe5 26. Qe2 Rd2 27. Qf1
Be4 28. Ra1 Bd3 29. Qe1 Re2 30. Qd1 Qf6 31. f3 Rxe3 32. Qa4 Qe7 33. Qf4 c4 34.
g3 Qc5 35. Kh1 Rde8 36. Bd7 R8e7 37. Bg4 Re2 38. Qd4 Qb5 39. Qd8+ Kh7 40. Qd4
Qb2 41. Qg1 Rd2 42. Re1 Ree2 43. Rxe2 Rxe2 44. a4 Qxc3 45. Rc1 Qb2 46. Bd7 Qf6
47. Bg4 Qc6 0-1